000 00215 a2200097 4500
001 51030
100 _aIacocca L
245 _aIacocca an autobiography
260 _aLondon
_bBantam Books
_c
090 _c32318
_d32318
942 _aNUST-CAE
_cM
_c24801
999 _c286103
_d286103